000 00762nam a2200229 i 4500
001 75716
003 ES-MaACL
005 20250818131140.0
008 040927m19681969sp a |||| | spa d
080 _a94(100)"1939/45"
245 0 4 _aLos grandes enigmas de la Segunda Guerra Mundial /
_c[presentados por Bernard Michal ; traducción de Jaime Jerez, Jaime Torner].
260 _a[Madrid :
_bCírculo de Amigos de la Historia,
_c1968-1969]
300 _a2 v. :
_bil. ;
_c18 cm.
505 8 _aContiene: V. 1 y 3
650 4 _aGuerra mundial, 1939-1945.
_913228
700 1 _aMichal, Bernard.
_980865
700 1 _aJerez, Jaime.
_966333
700 1 _aTorner, Jaime.
_9110663
700 2 _a
_9241865
852 4 _aES-MaACL
_jP-1422
999 _c75716
_d75716